<?xml version="1.0" encoding="UTF-8"?>
<collection xmlns="http://www.loc.gov/MARC21/slim">
 <record>
  <leader>00800pamaa2200241   4500</leader>
  <controlfield tag="001">0000053766</controlfield>
  <controlfield tag="005">20151208090000.0</controlfield>
  <controlfield tag="008">151208s2014                             eng  </controlfield>
  <datafield tag="020" ind1="0" ind2="0">
   <subfield code="a">9780414034259 </subfield>
  </datafield>
  <datafield tag="082" ind1=" " ind2=" ">
   <subfield code="a">346.03 CLE 2014</subfield>
  </datafield>
  <datafield tag="090" ind1="0" ind2="0">
   <subfield code="a">KD1949 </subfield>
   <subfield code="b">CLE 2015</subfield>
  </datafield>
  <datafield tag="240" ind1="0" ind2="0">
   <subfield code="a">Clerk &amp; Lindsell on torts</subfield>
  </datafield>
  <datafield tag="245" ind1="0" ind2="0">
   <subfield code="a">CLERK And Lindsell on torts  </subfield>
   <subfield code="c">general editor, Michael A. Jones; </subfield>
   <subfield code="f">consultant editor, Anthony M. Dugdale.</subfield>
  </datafield>
  <datafield tag="250" ind1="0" ind2="0">
   <subfield code="a">21st ed.</subfield>
  </datafield>
  <datafield tag="260" ind1=" " ind2=" ">
   <subfield code="a">London: </subfield>
   <subfield code="b">Sweet &amp; Maxwell, </subfield>
   <subfield code="c">2014.</subfield>
  </datafield>
  <datafield tag="300" ind1=" " ind2=" ">
   <subfield code="a">ccclxxiv, 2374p.; </subfield>
   <subfield code="c">25cm.</subfield>
  </datafield>
  <datafield tag="440" ind1="0" ind2="4">
   <subfield code="a">The Common law library</subfield>
  </datafield>
  <datafield tag="504" ind1="0" ind2="0">
   <subfield code="a">Includes bibliographical references and index</subfield>
  </datafield>
  <datafield tag="650" ind1="0" ind2="0">
   <subfield code="a">Torts -- </subfield>
   <subfield code="z">Great Britain </subfield>
  </datafield>
  <datafield tag="650" ind1="0" ind2="0">
   <subfield code="a">Torts -- </subfield>
   <subfield code="z">England </subfield>
  </datafield>
  <datafield tag="650" ind1="0" ind2="0">
   <subfield code="a">Torts -- </subfield>
   <subfield code="z">Wales </subfield>
  </datafield>
  <datafield tag="700" ind1="1" ind2="0">
   <subfield code="a">Jones, Michael A. </subfield>
  </datafield>
  <datafield tag="700" ind1="1" ind2="0">
   <subfield code="a">Dugdale, Anthony M. </subfield>
  </datafield>
 </record>
</collection>
